书目信息 |
| 题名: |
化学教育工具软件
|
|
| 作者: | 冉鸣 主编 | |
| 分册: | ||
| 出版信息: | 北京 化学工业出版社 2006 |
|
| 页数: | 214页 | |
| 开本: | 26cm | |
| 丛书名: | ||
| 单 册: | ||
| 中图分类: | O6-39 | |
| 科图分类: | ||
| 主题词: | 化学--计算机辅助教学--软件工具--师范学校--教材 | |
| 电子资源: | ||
| ISBN: | 7-5025-9045-5 | |
| 000 | 01027nam0 2200265 450 | |
| 001 | 012004068628 | |
| 005 | 20060908163824.0 | |
| 009 | 012004068628 | |
| 010 | @a7-5025-9045-5@dCNY29.80 | |
| 035 | @a(110019)012006083657 | |
| 100 | @a20060905d2006 em y0chiy0110 ea | |
| 101 | 0 | @achi |
| 102 | @aCN@b110000 | |
| 105 | @ay z 000yy | |
| 106 | @ar | |
| 200 | 1 | @a化学教育工具软件@Ahua xue jiao yu gong ju ruan jian@dChemical tool software for education@f冉鸣主编@Fran ming zhu bian@zeng |
| 210 | @a北京@c化学工业出版社@d2006 | |
| 215 | @a214页@d26cm | |
| 330 | @a本书主要讲述了ChemSketch5.0、 Diamond、ChemWindows、MSViewer和ChemLab五款常用的、可通过网络免费下载的化学专业软件。从软件的结构到功能,再到具体的应用,逐一通过典型案例来说明各个软件的具体应用与实际操作。 | |
| 510 | 1 | @aChemical tool software for education@zeng |
| 606 | 0 | @a化学@x计算机辅助教学@x软件工具@x师范学校@j教材 |
| 690 | @aO6-39@v4 | |
| 701 | 0 | @a冉鸣@Aran ming@4主编 |
| 801 | 0 | @aCN@b110019@c20060908 |
| 905 | @dO6-39@e374 @f5 | |
| 化学教育工具软件=Chemical tool software for education/冉鸣主编.-北京:化学工业出版社,2006 |
| 214页;26cm |
| ISBN 7-5025-9045-5:CNY29.80 |
| 本书主要讲述了ChemSketch5.0、 Diamond、ChemWindows、MSViewer和ChemLab五款常用的、可通过网络免费下载的化学专业软件。从软件的结构到功能,再到具体的应用,逐一通过典型案例来说明各个软件的具体应用与实际操作。 |
| ● |
| 相关链接 |
|
|
|
|
正题名:化学教育工具软件
索取号:O6-39/374
 
预约/预借
| 序号 | 登录号 | 条形码 | 馆藏地/架位号 | 状态 | 备注 |
| 1 | 0578619 | 205786194 | 第二样本阅览室/ [索取号:O6-39/374] | 在馆 | |
| 2 | 0578620 | 205786201 | 第三借阅区/ [索取号:O6-39/374] | 在馆 | |
| 3 | 0578621 | 205786210 | 第三借阅区/ [索取号:O6-39/374] | 在馆 | |
| 4 | 0578622 | 205786229 | 第三借阅区/ [索取号:O6-39/374] | 在馆 | |
| 5 | 0578623 | 205786238 | 第三借阅区/ [索取号:O6-39/374] | 在馆 | |
| 6 | 0578624 | 205786247 | 第三借阅区/ [索取号:O6-39/374] | 在馆 | |
| 7 | 0578625 | 205786256 | 第三借阅区/ [索取号:O6-39/374] | 在馆 | |
| 8 | 0578626 | 205786265 | 第三借阅区/ [索取号:O6-39/374] | 在馆 | |
| 9 | 0850652 | 208506525 | 第三借阅区/ [索取号:O6-39/374] | 在馆 | |
| 10 | 0850653 | 208506534 | 第三借阅区/ [索取号:O6-39/374] | 在馆 | |
| 11 | 0850654 | 208506543 | 第三借阅区/ [索取号:O6-39/374] | 在馆 | |
| 12 | 0850655 | 208506552 | 第三借阅区/ [索取号:O6-39/374] | 在馆 | |
| 13 | 0850656 | 208506561 | 第三借阅区/ [索取号:O6-39/374] | 在馆 |